[Event "FRA-chT2 0304"]
[Site "France"]
[Date "2004.03.14"]
[Round "9"]
[White "Miller, Vincent"]
[Black "Canonne, Antoine"]
[Result "0-1"]
[WhiteElo "2052"]
[BlackElo "2073"]
[PlyCount "144"]
[EventDate "2003.10.??"]
[EventType "team"]
[EventRounds "11"]
[EventCountry "FRA"]
[SourceTitle "EXT 2005"]
[Source "ChessBase"]
[SourceDate "2004.11.15"]
[SourceVersion "1"]
[SourceVersionDate "2004.11.15"]
[SourceQuality "1"]

1. d4 Nc6 2. Nf3 d5 3. Bf4 Bf5 4. c3 e6 5. e3 Bd6 6. Nbd2 h6 7. Qb3 Rb8 8. Be2 Nf6 9. 0-0 0-0 10. Bg3 Re8 11. Ne5 Nd7 12. f4 f6 13. Nxd7 Qxd7 14. Bf3 Bd3 15. Rfe1 Na5 16. Qd1 f5 17. Nb3 Nxb3 18. axb3 Ba6 19. Bh4 Be7 20. Bxe7 Qxe7 21. Qd2 g5 22. h3 Kg7 23. Qf2 Ra8 24. Red1 c6 25. Rd2 Rg8 26. Kh1 Raf8 27. g3 Kh7 28. Rg1 Rg7 29. Rg2 Rfg8 30. Qg1 Qc7 31. Bd1 b6 32. Bc2 Bc8 33. Kh2 Kh8 34. Qe1 a5 35. Bd3 Bd7 36. Rc2 Qb8 37. b4 axb4 38. cxb4 Qd6 39. b3 Ra8 40. Ra2 Rgg8 41. Qc3 Rgc8 42. Bb1 Be8 43. Ra4 Kh7 44. Rga2 Rab8 45. Ra7+ Rc7 46. Qa1 Kg6 47. Rxc7 Qxc7 48. Bd3 Kf6 49. b5 cxb5 50. Rc2 Qb7 51. Qa3 Kf7 52. fxg5 hxg5 53. Qd6 Rc8 54. Rf2 Qc7 55. Qa3 Qc1 56. Qa7+ Qc7 57. Qa6 Qc1 58. Kg2 Rc3 59. Qb7+ Kf6 60. Bxf5 exf5 61. Qxb6+ Bc6 62. Qd8+ Ke6 63. Qg8+ Kd6 64. Qf8+ Kc7 65. Qe7+ Kb6 66. Qd8+ Kb7 67. Qe7+ Kb6 68. Qd8+ Kb7 69. Qxg5 Qxe3 70. Qxe3 Rxe3 71. h4 Bd7 72. h5 Kc7 0-1

[Event "FRA-chT2 0304"]
[Site "France"]
[Date "2004.01.18"]
[Round "6"]
[White "Coste, Thierry"]
[Black "Miller, Vincent"]
[Result "1-0"]
[WhiteElo "2192"]
[BlackElo "2052"]
[PlyCount "37"]
[EventDate "2003.10.??"]
[EventType "team"]
[EventRounds "11"]
[EventCountry "FRA"]
[SourceTitle "EXT 2005"]
[Source "ChessBase"]
[SourceDate "2004.11.15"]
[SourceVersion "1"]
[SourceVersionDate "2004.11.15"]
[SourceQuality "1"]

1. Nf3 Nf6 2. d4 g6 3. Nc3 c5 4. e4 cxd4 5. Nxd4 Nc6 6. Nb3 Bg7 7. Be2 d6 8. 0-0 0-0 9. Bg5 h6 10. Bh4 Na5 11. e5 Nxb3 12. exf6 Bxf6 13. Bxf6 Nxa1 14. Bd4 Nxc2 15. Qxc2 Bf5 16. Qd2 Kh7 17. Rd1 Qa5 18. Be3 g5 19. Bxg5 1-0

[Event "FRA-chT3 Gr8 0203"]
[Site "France"]
[Date "2003.04.06"]
[Round "9"]
[White "Ratel, Laurent"]
[Black "Miller, Vincent"]
[Result "1-0"]
[WhiteElo "2110"]
[BlackElo "2050"]
[PlyCount "35"]
[EventDate "2002.10.??"]
[EventType "team"]
[EventRounds "9"]
[EventCountry "FRA"]
[SourceTitle "EXT 2005"]
[Source "ChessBase"]
[SourceDate "2004.11.15"]
[SourceVersion "1"]
[SourceVersionDate "2004.11.15"]
[SourceQuality "1"]

1. e4 c5 2. f4 g6 3. Nf3 Bg7 4. Nc3 e6 5. e5 d6 6. Bb5+ Bd7 7. exd6 Bxc3 8. Bxd7+ Qxd7 9. dxc3 f6 10. Be3 Na6 11. Qd3 Nh6 12. Rd1 Nf5 13. g4 Nxe3 14. Qxe3 Kf7 15. g5 Rhe8 16. gxf6 Kxf6 17. Qe5+ Kf7 18. h4 1-0

[Event "FRA-chT3 Gr8 0203"]
[Site "France"]
[Date "2002.11.17"]
[Round "3"]
[White "Dupont, Dany"]
[Black "Miller, Vincent"]
[Result "0-1"]
[WhiteElo "1990"]
[BlackElo "2050"]
[PlyCount "74"]
[EventDate "2002.10.??"]
[EventType "team"]
[EventRounds "9"]
[EventCountry "FRA"]
[SourceTitle "EXT 2005"]
[Source "ChessBase"]
[SourceDate "2004.11.15"]
[SourceVersion "1"]
[SourceVersionDate "2004.11.15"]
[SourceQuality "1"]

1. e4 c5 2. Nc3 g6 3. f4 Bg7 4. Nf3 d6 5. Bc4 e6 6. 0-0 Ne7 7. Qe1 0-0 8. d3 a6 9. a4 Nbc6 10. Qh4 Nd4 11. Nxd4 cxd4 12. Ne2 d5 13. exd5 Nxd5 14. Qf2 Ne3 15. Bxe3 dxe3 16. Qxe3 Bxb2 17. Rab1 Bg7 18. Qe4 Qa5 19. Bb3 Rb8 20. d4 Bd7 21. d5 exd5 22. Bxd5 Rbe8 23. Qd3 Bf5 24. Qf3 Rxe2 25. Bxf7+ Rxf7 26. Qxe2 Qc5+ 27. Kh1 Qxc2 28. Qe8+ Rf8 29. Qe7 Bf6 30. Qxb7 Be4 31. Qb3+ Kh8 32. Qh3 Qxa4 33. Rbc1 Qb5 34. Rfd1 Bf5 35. Qa3 Re8 36. Rc7 Qe2 37. Qc1 Bb2 0-1